• 首页
  • 本馆介绍
  • 公告通知
  • 最新文献
  • 馆藏检索
  • 电子资源
  • 读者导购
  • 参考咨询
  • 我的图书馆
  • 登录
  • 详细信息显示
  • 放入我的书架
  • 预约/预借图书
  • 作者相关作品
  • 分类相关作品
  • 丛书相关作品
  • 出版社相关作品

书目信息

  • 表格格式
  • 工作单格式
  • 卡片格式
题名:
残障人士休闲参与与社会融入关系研究
    
 
作者: 岳培宇 著
分册:  
出版信息: 成都   四川大学出版社  2017
页数: 233页
开本: 21cm
丛书名:
单 册:
中图分类: C913.69 , C913.6
科图分类:
主题词: 残疾人--can ji ren--休闲娱乐--关系--社会生活--研究
电子资源:
ISBN: 978-7-5690-1128-9
000 01138nam0 2200241 450
001 2349160953
005 20231212133934.83
010    @a978-7-5690-1128-9@dCNY36.00
100    @a20180926d2017 em y0chiy50 ea
101 0  @achi
102    @aCN@b510000
105    @aak a 000yy
200 1  @a残障人士休闲参与与社会融入关系研究@Acan zhang ren shi xiu xian can yu yu she hui rong ru guan xi yan jiu@f岳培宇著
210    @a成都@c四川大学出版社@d2017
215    @a233页@c图@d21cm
320    @a有书目 (第203-223页)
330    @a本书从社会融入视角下的休闲参与理论与现状出发, 基于残障者这一特定研究对象, 通过问卷调查和定量研究的方式分析以中国城镇生活背景为主的残障者休闲参与状况, 揭示休闲参与对社会融入的总体影响关系, 及不同活动类型和不同维度的休闲参与对社会融入的影响差异, 建立并验证休闲参与与社会融入关系的理论模型, 并进一步分析休闲参与的社会融入价值及其影响特征, 在此基础上为国内如何构建“全纳式”休闲服务体系提出了建议。
606 0  @a残疾人@Acan ji ren@x休闲娱乐@x关系@x社会生活@x研究
690    @aC913.69@v5
690    @aC913.6@v4
701  0 @a岳培宇@Ayue pei yu@4著
801  0 @aCN@b湖北三新@c20180926
905    @aZUCC@dC913.6@e16
    
    残障人士休闲参与与社会融入关系研究/岳培宇著.-成都:四川大学出版社,2017
    233页:图;21cm
    
    
    ISBN 978-7-5690-1128-9:CNY36.00
    本书从社会融入视角下的休闲参与理论与现状出发, 基于残障者这一特定研究对象, 通过问卷调查和定量研究的方式分析以中国城镇生活背景为主的残障者休闲参与状况, 揭示休闲参与对社会融入的总体影响关系, 及不同活动类型和不同维度的休闲参与对社会融入的影响差异, 建立并验证休闲参与与社会融入关系的理论模型, 并进一步分析休闲参与的社会融入价值及其影响特征, 在此基础上为国内如何构建“全纳式”休闲服务体系提出了建议。
●
相关链接 在五车中查询图书 在当当中查询图书 在豆瓣中查询图书


正题名:残障人士休闲参与与社会融入关系研究     索取号:C913.6/16         预约/预借

序号 登录号 条形码 馆藏地/架位号 状态 备注
1 2001431585   2001431585   617书库/ [索取号:C913.6/16] 在馆    
2 2001431586   2001431586   617书库/ [索取号:C913.6/16] 在馆    
3 2001431587   2001431587   617书库/ [索取号:C913.6/16] 在馆    
4 2001431588   2001431588   617书库/ [索取号:C913.6/16] 在馆    
5 2001431589   2001431589   617书库/ [索取号:C913.6/16] 在馆    
6 2001431590   2001431590   617书库/ [索取号:C913.6/16] 在馆    
7 2001431591   2001431591   617书库/ [索取号:C913.6/16] 在馆    
8 2001431592   2001431592   617书库/ [索取号:C913.6/16] 在馆    
9 2001431593   2001431593   617书库/ [索取号:C913.6/16] 在馆    
山东省滨州职业学院图书馆 欢迎您!
大连网信软件有限公司© 版权所有